=LDR 00000nam 2200000 4500 =001 INLIS000000000028862 =005 20130612131134 =008 ***********************************ind** =035 ##$$0010-061300000028862 =041 ##$$a ind =082 ##$$a 392.598 2 =090 ##$$a 392.598 2, HAR a =100 ##$$a Hardjowirogo, Marbangun =245 ##$$a Adat istiadat Jawa, Sedari seseorang masih dalam kandungan hingga sesudah ia tiada, Marbangun Hardjowirogo =260 ##$$a 1980 $b Bandung =300 ##$$a 166 hlm., 21 cm =650 ##$$a Adat Istiadat Jawa =850 ##$$a NBPNMAT